000 00994nas a2200289 4500
001 BR2010000012
003 BR-BrBNA
005 20231205114021.0
007 ta
008 230509b bl.|||p| |||| 00| 00por d
040 _aBR-BrBNA
_bpor
_cBiblioteca Nacional de Agricultura
041 _a(En)
072 _aL70
100 1 _aRibeiro, A.P.
100 1 _aJúnior, D.P.
100 1 _aChampion, T.
100 1 _aBrunetto, M.A.
100 1 _aCamacho, A.A.
100 1 _aLaus, J.L.
245 1 _aEffects of tropical levobundonolol or fixed combination of dornozolamide-timolol or association of dorzolamide-levobunolol on intraocular pressure, pupil size, and heart rate in healthy cats
650 _aGATO
650 _aMEDICAMENTO
650 _aPRESSÃO ARTERIAL
773 0 _tArquivo Brasileiro de Medicina Veterinária e Zootecnia (Brazil)
_xISSN 0102-0935
_g(Oct 2008), v. 60(5) p. 1045-1052
_wBR2010000012
909 _a202311
_bLúcia
_c55
_dLúcia Elande
942 _2AGRIS
_n0
_cANA
999 _c206734
_d206734